Foundation of Solid Mechanics (Record no. 1137)

000 -LEADER
fixed length control field 00351nam a2200133 4500
008 - FIXED-LENGTH DATA ELEMENTS--GENERAL INFORMATION
fixed length control field 200110b ||||| |||| 00| 0 eng d
082 00 - DEWEY DECIMAL CLASSIFICATION NUMBER
Classification number 531
Item number F9818
100 ## - MAIN ENTRY--PERSONAL NAME
9 (RLIN) 718
Personal name Fung, Y. C.
245 10 - TITLE STATEMENT
Title Foundation of Solid Mechanics
260 ## - PUBLICATION, DISTRIBUTION, ETC. (IMPRINT)
Place of publication, distribution, etc New Delhi
Name of publisher, distributor, etc Prentice Hall
Date of publication, distribution, etc 1968
300 ## - PHYSICAL DESCRIPTION
Extent xiv, 525 p.
650 #0 - SUBJECT ADDED ENTRY--TOPICAL TERM
Topical term or geographic name as entry element Elasticity
942 ## - ADDED ENTRY ELEMENTS (KOHA)
Source of classification or shelving scheme
Item type Books
Holdings
Withdrawn status Lost status Source of classification or shelving scheme Damaged status Not for loan Permanent location Current location Date acquired Full call number Barcode Date last seen Koha item type
          IMU Kolkata IMU Kolkata 1974-03-13 531 F9818 04069 2020-01-10 Books
          IMU Kolkata IMU Kolkata 1974-07-31 531 F9818 04136 2020-01-13 Books
Designed and Maintained by IMU-KC Library, Kolkata Campus © Copyright All Rights Reserved

webs counters

Powered by Koha